<?xml version="1.0" encoding="UTF-8"?>
<record
    xmlns:xsi="http://www.w3.org/2001/XMLSchema-instance"
    xsi:schemaLocation="http://www.loc.gov/MARC21/slim http://www.loc.gov/standards/marcxml/schema/MARC21slim.xsd"
    xmlns="http://www.loc.gov/MARC21/slim">

  <leader>02258nam a2200265 a 4500</leader>
  <controlfield tag="001">000013994</controlfield>
  <controlfield tag="005">20251120073732.0</controlfield>
  <controlfield tag="008">091202s1982    dr            001 0 spa d</controlfield>
  <datafield tag="040" ind1=" " ind2=" ">
    <subfield code="a">DO-SdBNP</subfield>
    <subfield code="b">spa</subfield>
    <subfield code="c">BNPHU</subfield>
  </datafield>
  <datafield tag="082" ind1=" " ind2=" ">
    <subfield code="a">RD864.44</subfield>
    <subfield code="b">R789e, 1982</subfield>
  </datafield>
  <datafield tag="100" ind1="1" ind2=" ">
    <subfield code="a">Rosario Candelier, Bruno,</subfield>
    <subfield code="d">1941-</subfield>
    <subfield code="9">851</subfield>
  </datafield>
  <datafield tag="245" ind1="1" ind2="0">
    <subfield code="a">Ensayos cr&#xED;ticos :</subfield>
    <subfield code="b">an&#xE1;lisis de textos dominicanos contempor&#xE1;neos /</subfield>
    <subfield code="c">Bruno Rosario Candelier.</subfield>
  </datafield>
  <datafield tag="260" ind1=" " ind2=" ">
    <subfield code="a">Santiago de los Caballeros, Rep&#xFA;blica Dominicana :</subfield>
    <subfield code="b">UCMM,</subfield>
    <subfield code="c">1982.</subfield>
  </datafield>
  <datafield tag="300" ind1=" " ind2=" ">
    <subfield code="a">301 p ;</subfield>
    <subfield code="c">22 cm.</subfield>
  </datafield>
  <datafield tag="490" ind1="1" ind2=" ">
    <subfield code="a">Estudio</subfield>
  </datafield>
  <datafield tag="500" ind1=" " ind2=" ">
    <subfield code="a">Incluye datos biogr&#xE1;ficos del autor en la contracubierta.</subfield>
  </datafield>
  <datafield tag="505" ind1="0" ind2=" ">
    <subfield code="g">Introducci&#xF3;n --</subfield>
    <subfield code="t">I.- La naturaleza de la literatura --</subfield>
    <subfield code="t">La cr&#xED;tica literaria --</subfield>
    <subfield code="t">Problemas de la interpretaci&#xF3;n literaria --</subfield>
    <subfield code="t">La literatura comprometida --</subfield>
    <subfield code="t">Literatura, ideolog&#xED;a y sociedad --</subfield>
    <subfield code="t">Movimientos est&#xE9;ticos y dial&#xE9;ctica literaria --</subfield>
    <subfield code="t">Cr&#xED;tica, gusto y objetividad --</subfield>
    <subfield code="t">Cr&#xED;tica, teor&#xED;a y creaci&#xF3;n --</subfield>
    <subfield code="t">Lenguaje, poes&#xED;a y creaci&#xF3;n --</subfield>
    <subfield code="t">Lenguaje primario vs. metalenguaje --</subfield>
    <subfield code="t">Significado y significante --</subfield>
    <subfield code="t">Arte, lenguaje y ocultaci&#xF3;n --</subfield>
    <subfield code="t">Problemas ling&#xFC;&#xED;sticos del escritor --</subfield>
    <subfield code="t">Entre tradici&#xF3;n y novedad --</subfield>
    <subfield code="t">II.- La poes&#xED;a de Emilio Garc&#xED;a-Godoy --</subfield>
    <subfield code="t">"Melancol&#xED;a" un poema de Moreno Jimenes --</subfield>
    <subfield code="t">En torno a Yelid&#xE1;, de Tom&#xE1;s Hern&#xE1;ndez Franco --</subfield>
    <subfield code="t">El reclamo profundo de Manuel del Cabral --</subfield>
    <subfield code="t">Hay un pa&#xED;s en el mundo (Evocaci&#xF3;n de Pedro Mir) --</subfield>
    <subfield code="t">Swain o la observaci&#xF3;n creadora en A&#xED;da Cartagena --</subfield>
    <subfield code="t">Por los Mares de la Dama, de Manuel Rueda --</subfield>
    <subfield code="t">La visi&#xF3;n trascendente en Banquetes de aflicci&#xF3;n --</subfield>
    <subfield code="t">Enrique Eusebio: consignas y subvenciones --</subfield>
    <subfield code="t">La mujer de Juan Bosch --</subfield>
    <subfield code="t">Ton, terror de clase y expresi&#xF3;n --</subfield>
    <subfield code="t">El oro y la paz, de Juan Bosch --</subfield>
    <subfield code="t">Significaci&#xF3;n de Juego de Domin&#xF3; de Manuel Mora Serrano --</subfield>
    <subfield code="t">T&#xE9;cnica y tem&#xE1;tica en "Escalera para Electra" --</subfield>
    <subfield code="t">Cr&#xED;tica y teor&#xED;a de Di&#xF3;genes C&#xE9;spedes (a prop&#xF3;sito de Escritos cr&#xED;ticos).</subfield>
  </datafield>
  <datafield tag="590" ind1=" " ind2=" ">
    <subfield code="a">Inventariado, 2019/VM</subfield>
  </datafield>
  <datafield tag="650" ind1=" " ind2="0">
    <subfield code="a">Ensayos dominicanos</subfield>
    <subfield code="9">65</subfield>
  </datafield>
  <datafield tag="650" ind1=" " ind2="4">
    <subfield code="a">Literatura dominicana</subfield>
    <subfield code="x">Historia y cr&#xED;tica</subfield>
    <subfield code="9">159</subfield>
  </datafield>
  <datafield tag="650" ind1=" " ind2="4">
    <subfield code="a">Autores dominicanos</subfield>
    <subfield code="x">Cr&#xED;tica e interpretaci&#xF3;n</subfield>
    <subfield code="9">158</subfield>
  </datafield>
  <datafield tag="710" ind1="2" ind2=" ">
    <subfield code="a">Pontificia  Universidad Cat&#xF3;lica Madre y Maestra </subfield>
    <subfield code="9">843</subfield>
  </datafield>
  <datafield tag="830" ind1=" " ind2="0">
    <subfield code="a">Estudio</subfield>
    <subfield code="9">11006</subfield>
  </datafield>
  <datafield tag="910" ind1=" " ind2=" ">
    <subfield code="a">Validado. Control de calidad EMS</subfield>
  </datafield>
  <datafield tag="952" ind1=" " ind2=" ">
    <subfield code="0">0</subfield>
    <subfield code="1">0</subfield>
    <subfield code="7">1</subfield>
    <subfield code="8">PD</subfield>
    <subfield code="a">PD</subfield>
    <subfield code="b">PD</subfield>
    <subfield code="c">HD</subfield>
    <subfield code="d">2009-12-02</subfield>
    <subfield code="i">LF1</subfield>
    <subfield code="l">0</subfield>
    <subfield code="o">RD864.44 R789e, 1982</subfield>
    <subfield code="p">13994-10</subfield>
    <subfield code="r">2020-06-25</subfield>
    <subfield code="w">2020-06-25</subfield>
    <subfield code="y">LFPD</subfield>
    <subfield code="z">Perteneci&#xF3; a la biblioteca personal de Juan Isidro Jimenes Grull&#xF3;n.</subfield>
    <subfield code="Z">No se presta</subfield>
  </datafield>
  <datafield tag="952" ind1=" " ind2=" ">
    <subfield code="0">0</subfield>
    <subfield code="1">0</subfield>
    <subfield code="7">1</subfield>
    <subfield code="8">PD</subfield>
    <subfield code="a">PD</subfield>
    <subfield code="b">PD</subfield>
    <subfield code="c">HD</subfield>
    <subfield code="d">2011-05-31</subfield>
    <subfield code="i">LF1</subfield>
    <subfield code="l">0</subfield>
    <subfield code="o">RD864.44 R789e, 1982</subfield>
    <subfield code="p">13994-20</subfield>
    <subfield code="r">2020-06-25</subfield>
    <subfield code="t">e. 2</subfield>
    <subfield code="w">2020-06-25</subfield>
    <subfield code="y">LFPD</subfield>
    <subfield code="Z">No se presta</subfield>
  </datafield>
  <datafield tag="952" ind1=" " ind2=" ">
    <subfield code="0">0</subfield>
    <subfield code="1">0</subfield>
    <subfield code="5">4</subfield>
    <subfield code="7">0</subfield>
    <subfield code="8">DS</subfield>
    <subfield code="a">PD</subfield>
    <subfield code="b">PD</subfield>
    <subfield code="c">HD</subfield>
    <subfield code="d">2015-04-24</subfield>
    <subfield code="i">LF1</subfield>
    <subfield code="l">0</subfield>
    <subfield code="o">RD864.44 R789e, 1982</subfield>
    <subfield code="p">13994-30</subfield>
    <subfield code="r">2020-06-25</subfield>
    <subfield code="t">e. 3</subfield>
    <subfield code="w">2020-06-25</subfield>
    <subfield code="y">LFDS</subfield>
    <subfield code="Z">Pr&#xE9;stamo en sala</subfield>
  </datafield>
  <datafield tag="999" ind1=" " ind2=" ">
    <subfield code="c">13598</subfield>
    <subfield code="d">13598</subfield>
  </datafield>
</record>
